[Event "Andalucia-chA"]
[Site "Roquetas de Mar"]
[Date "2017.05.20"]
[Round "6"]
[White "Diaz Rodriguez, Jose Antonio"]
[Black "Munoz Pelaez, Manuel"]
[Result "1/2-1/2"]
[WhiteElo "1987"]
[BlackElo "2152"]
[PlyCount "61"]
[EventDate "2017.05.13"]
[EventType "swiss"]
[EventRounds "8"]
[EventCountry "ESP"]
[SourceTitle "EXT 2020"]
[Source "ChessBase"]
[SourceDate "2019.10.17"]
[SourceVersion "1"]
[SourceVersionDate "2019.10.17"]
[SourceQuality "1"]

1. e4 c5 2. Nf3 Nc6 3. Nc3 e6 4. Bb5 Nge7 5. 0-0 a6 6. Bxc6 Nxc6 7. a4 Be7 8. Re1 0-0 9. d3 d5 10. Bf4 b6 11. exd5 exd5 12. Qd2 Be6 13. d4 h6 14. Ne2 c4 15. Ng3 Kh7 16. h3 Bd6 17. Re2 Qd7 18. Nh5 Bxf4 19. Qxf4 Rae8 20. Rae1 Ne7 21. Ne5 Qd8 22. g4 Ng6 23. Qg3 Bd7 24. b3 Nxe5 25. Rxe5 f6 26. R5e3 Rxe3 27. Rxe3 Re8 28. Nf4 Bc6 29. Rxe8 Qxe8 30. Qe3 Qxe3 31. fxe3 1/2-1/2

[Event "Andalucia-chA"]
[Site "Roquetas de Mar"]
[Date "2017.05.13"]
[Round "1"]
[White "Gil Rodriguez, Isabel Maria"]
[Black "Munoz Pelaez, Manuel"]
[Result "0-1"]
[WhiteElo "1858"]
[BlackElo "2152"]
[PlyCount "80"]
[EventDate "2017.05.13"]
[EventType "swiss"]
[EventRounds "8"]
[EventCountry "ESP"]
[SourceTitle "EXT 2020"]
[Source "ChessBase"]
[SourceDate "2019.10.17"]
[SourceVersion "1"]
[SourceVersionDate "2019.10.17"]
[SourceQuality "1"]

1. d4 d5 2. Nf3 Nf6 3. Bf4 c5 4. e3 Nc6 5. Nbd2 Qb6 6. Qb1 cxd4 7. exd4 Nxd4 8. Nxd4 Qxd4 9. Be3 Qe5 10. Nf3 Qc7 11. c3 a6 12. Bd4 Bg4 13. Ne5 Bh5 14. Bd3 Bg6 15. 0-0 e6 16. Re1 Be7 17. Re3 0-0 18. Rg3 Ne8 19. Rh3 Bf6 20. Bxg6 hxg6 21. Qe1 Nd6 22. f3 Rfe8 23. Qf2 Nc4 24. Ng4 Bxd4 25. cxd4 Qe7 26. b3 Nd6 27. Qd2 Rac8 28. Ne5 Rc7 29. Qd3 Rec8 30. Nxg6 fxg6 31. Qxg6 Qf6 32. Qh7+ Kf7 33. Qh5+ Ke7 34. Qe5 Nf5 35. g4 Nxd4 36. Qxf6+ Kxf6 37. Kg2 Rc1 38. Rxc1 Rxc1 39. f4 Rc2+ 40. Kf1 Rxa2 0-1

[Event "Lorca op 3rd"]
[Site "Lorca"]
[Date "2014.12.26"]
[Round "1"]
[White "Arribas Lopez, Angel"]
[Black "Munoz Pelaez, Manuel"]
[Result "1-0"]
[WhiteElo "2537"]
[BlackElo "2003"]
[PlyCount "53"]
[EventDate "2014.12.26"]
[EventType "swiss"]
[EventRounds "9"]
[EventCountry "ESP"]
[SourceTitle "CBM 164 Extra"]
[Source "ChessBase"]
[SourceDate "2015.03.02"]
[SourceVersion "1"]
[SourceVersionDate "2015.03.02"]
[SourceQuality "1"]

1. e4 c5 2. Nc3 a6 3. g3 b5 4. Bg2 Bb7 5. Nge2 e6 6. d4 cxd4 7. Nxd4 Nf6 8. 0-0 d6 9. Re1 Nbd7 10. a4 b4 11. Nd5 Nxd5 12. exd5 e5 13. Nc6 Qc7 14. Nxb4 Be7 15. Nc6 Bxc6 16. dxc6 Nf6 17. g4 0-0 18. g5 Ne8 19. Ra3 g6 20. Rb3 Rb8 21. Qd3 Rxb3 22. Qxb3 Ng7 23. Qb7 Ne6 24. Be3 Rb8 25. Ba7 Re8 26. Bb6 Qc8 27. c7 1-0

[Event "Andalucia-ch U14"]
[Site "Huelva"]
[Date "2014.04.25"]
[Round "3.3"]
[White "Munoz Pelaez, Manuel"]
[Black "Martin Cabrerizo, Francisco Davi"]
[Result "1/2-1/2"]
[WhiteElo "1876"]
[BlackElo "1611"]
[PlyCount "56"]
[EventDate "2014.04.25"]
[EventType "swiss"]
[EventRounds "9"]
[EventCountry "ESP"]
[SourceTitle "EXT 2024"]
[Source "ChessBase"]
[SourceDate "2023.10.10"]
[SourceVersion "1"]
[SourceVersionDate "2023.10.10"]
[SourceQuality "1"]

1. e4 d5 2. exd5 Nf6 3. Nf3 Bg4 4. Bb5+ Bd7 5. Bxd7+ Qxd7 6. c4 Qg4 7. d4 Qxg2 8. Rg1 Qh3 9. Nc3 Nbd7 10. Qe2 Nb6 11. Be3 0-0-0 12. Ng5 Qxh2 13. 0-0-0 Qh5 14. Qxh5 Nxh5 15. Nxf7 Nxc4 16. Nxh8 Nd6 17. f3 g6 18. Ne4 Nf5 19. Bf2 Bh6+ 20. Kb1 Rxh8 21. Ng3 Nhxg3 22. Bxg3 Nxg3 23. Rxg3 Rd8 24. Rh1 Be3 25. Rxh7 g5 26. Rxe7 Bf4 27. Rh3 b6 28. Kc2 Rxd5 1/2-1/2

[Event "Malaga Region-ch"]
[Site "Malaga"]
[Date "2013.01.19"]
[Round "4"]
[White "Lopez Guerrero, Jose Miguel"]
[Black "Munoz Pelaez, Manuel"]
[Result "1/2-1/2"]
[WhiteElo "1972"]
[BlackElo "1784"]
[PlyCount "77"]
[EventDate "2013.01.12"]
[EventType "swiss"]
[EventRounds "9"]
[EventCountry "ESP"]
[SourceTitle "CBM 152 Extra"]
[Source "ChessBase"]
[SourceDate "2013.02.25"]
[SourceVersion "1"]
[SourceVersionDate "2013.02.25"]
[SourceQuality "1"]

1. e4 e5 2. Nf3 Nc6 3. Bb5 a6 4. Bxc6 dxc6 5. Nc3 Bd6 6. d4 Bg4 7. dxe5 Bxf3 8. Qxf3 Bxe5 9. Bf4 Qf6 10. Bxe5 Qxe5 11. 0-0-0 Nf6 12. Qe3 0-0 13. f4 Qa5 14. Qf3 b5 15. e5 b4 16. exf6 bxc3 17. Qxc3 Qxa2 18. b3 Qa3+ 19. Kb1 a5 20. Qg3 g6 21. Qg5 Rfb8 22. Rd3 a4 23. Qh6 Qf8 24. Qxf8+ Kxf8 25. Re1 c5 26. Re7 Ra6 27. Rxc7 Rxf6 28. g3 Rf5 29. Kb2 Ra8 30. bxa4 Rxa4 31. Rd8+ Kg7 32. Rdc8 Ra5 33. Kc3 Ra3+ 34. Kd2 Rd5+ 35. Ke2 Rc3 36. Rc6 Rxc2+ 37. Ke3 Rxh2 38. Rxc5 Rxc5 39. Rxc5 1/2-1/2

[Event "ESP-ch U14"]
[Site "Salobrena"]
[Date "2012.07.14"]
[Round "9"]
[White "Munoz Pelaez, Manuel"]
[Black "Orantes Taboada, Francisco"]
[Result "1-0"]
[WhiteElo "1805"]
[BlackElo "1688"]
[PlyCount "79"]
[EventDate "2012.07.09"]
[EventType "swiss"]
[EventRounds "9"]
[EventCountry "ESP"]
[SourceTitle "EXT 2014"]
[Source "ChessBase"]
[SourceDate "2013.11.20"]
[SourceVersion "1"]
[SourceVersionDate "2013.11.20"]
[SourceQuality "1"]

1. e4 c5 2. Nf3 Nc6 3. d4 cxd4 4. Nxd4 e5 5. Nb5 a6 6. Nd6+ Bxd6 7. Qxd6 Qf6 8. Qxf6 Nxf6 9. Nc3 Nb4 10. Kd2 d5 11. a3 d4 12. axb4 dxc3+ 13. Ke3 cxb2 14. Bxb2 0-0 15. f3 Re8 16. Be2 Bd7 17. Rhd1 Rad8 18. Ra5 Be6 19. Rxd8 Rxd8 20. Bxe5 Nd7 21. Bd4 Rc8 22. c3 f6 23. f4 Kf8 24. g4 h6 25. h4 Kf7 26. g5 hxg5 27. hxg5 fxg5 28. Rxg5 Nf6 29. f5 Bc4 30. Bxc4+ Rxc4 31. e5 Nd5+ 32. Kd3 Rc7 33. e6+ Kg8 34. Ke4 Nxc3+ 35. Bxc3 Rxc3 36. f6 Rc7 37. f7+ Kf8 38. Rh5 Ke7 39. Rh8 Rc4+ 40. Ke5 1-0

[Event "ESP-ch U14"]
[Site "Salobrena"]
[Date "2012.07.11"]
[Round "5"]
[White "Bru Rullo, Llatzer"]
[Black "Munoz Pelaez, Manuel"]
[Result "1-0"]
[WhiteElo "2051"]
[BlackElo "1805"]
[PlyCount "63"]
[EventDate "2012.07.09"]
[EventType "swiss"]
[EventRounds "9"]
[EventCountry "ESP"]
[SourceTitle "EXT 2014"]
[Source "ChessBase"]
[SourceDate "2013.11.20"]
[SourceVersion "1"]
[SourceVersionDate "2013.11.20"]
[SourceQuality "1"]

1. e4 e5 2. Nf3 Nc6 3. Bb5 a6 4. Ba4 Nf6 5. d4 b5 6. dxe5 Nxe4 7. Bb3 Nc5 8. 0-0 Nxb3 9. axb3 Be7 10. Bf4 Bb7 11. c3 0-0 12. Qe2 Re8 13. Rd1 Qc8 14. Qd3 Nb8 15. Nd4 g6 16. Qg3 Kh8 17. Nd2 Nc6 18. N2f3 Nxd4 19. Rxd4 f6 20. Rad1 Bc6 21. R4d2 f5 22. Nd4 Bb7 23. h4 c5 24. Ne2 Bc6 25. Qh3 h5 26. Qg3 Kh7 27. Bg5 Bxg5 28. Qxg5 Qd8 29. Qg3 Qe7 30. Rd6 Rg8 31. Nf4 Qe8 32. e6 1-0

[Event "ESP-ch U14"]
[Site "Salobrena"]
[Date "2012.07.11"]
[Round "4"]
[White "Munoz Pelaez, Manuel"]
[Black "Ponce Cano, Adrian"]
[Result "1/2-1/2"]
[WhiteElo "1805"]
[BlackElo "1995"]
[PlyCount "64"]
[EventDate "2012.07.09"]
[EventType "swiss"]
[EventRounds "9"]
[EventCountry "ESP"]
[SourceTitle "EXT 2014"]
[Source "ChessBase"]
[SourceDate "2013.11.20"]
[SourceVersion "1"]
[SourceVersionDate "2013.11.20"]
[SourceQuality "1"]

1. e4 c5 2. Nf3 Nc6 3. d4 cxd4 4. Nxd4 e6 5. a3 Nf6 6. Nc3 d5 7. exd5 exd5 8. Be2 Be7 9. 0-0 0-0 10. Be3 Ne5 11. h3 a6 12. Re1 h6 13. Bf4 Ng6 14. Bh2 Ne4 15. Nxe4 dxe4 16. Nb3 Bf6 17. Qxd8 Rxd8 18. c3 b6 19. Rad1 Be6 20. Nd2 Bd5 21. Bc4 Bc6 22. Nxe4 Bxe4 23. Rxd8+ Rxd8 24. Rxe4 Rd1+ 25. Bf1 Rb1 26. Re2 Be7 27. Bc7 b5 28. g3 Bc5 29. Kg2 Kf8 30. Rd2 Ke7 31. Bd3 Re1 32. Bxg6 fxg6 1/2-1/2